| 000 | 00761nam a2200229 i 4500 | ||
|---|---|---|---|
| 001 | 23192 | ||
| 003 | ES-MaACL | ||
| 005 | 20231228062551.0 | ||
| 007 | t| | ||
| 008 | 021209s1969 sp ||||1| spa d | ||
| 080 | _a821.134.2-1.09"19" | ||
| 100 | 1 |
_aAlonso, Dámaso, _d1898-1990 _920195 |
|
| 245 | 1 | 0 |
_aPoetas españoles contemporáneos / _cDámaso Alonso. |
| 250 | _a3ª ed. aum. | ||
| 260 |
_aMadrid : _bGredos, _c[1969] |
||
| 300 |
_a421 p. ; _c21 cm. |
||
| 490 | 1 |
_aBiblioteca románica hispánica. II. Estudios y ensayos ; _v6 |
|
| 650 | 1 | 4 |
_aPoesía española- _yS.XX- _xComentario de textos. _916179 |
| 830 | 0 |
_aBiblioteca románica hispánica. II. Estudios y ensayos ; _v6 _9178108 |
|
| 852 |
_aES-MaACL _jE-5649 _bR.89874 |
||
| 999 |
_c23192 _d23192 |
||